| 000 | 01231nmc a2200397 a 4500 | ||
|---|---|---|---|
| 003 | AR-BaBNM | ||
| 005 | 20251128204815.0 | ||
| 008 | 126019s1992 ||||||||||||||000 | spa|| | ||
| 020 | _a950-9252-07-7 | ||
| 040 | _cAR-BaBNM | ||
| 100 | 1 | _aKoschitzky, Mónica von | |
| 245 | 1 | 0 |
_aLas telas de malla de los Wichí / Mataco _bsu elaboración, su función y una posible interpretación de los motivos |
| 260 |
_aBuenos Aires _bCentro Argentino de Etnología Americana _c1992 |
||
| 300 | 0 |
_a100 p. _bil., gráfs., mapas |
|
| 490 | 0 | _aMankacén | |
| 500 | 0 | _aTraducción de Leonor Zimmermann | |
| 500 | 0 | _aPrólogo de Alicia Fernández Distel | |
| 500 | 0 | _aContiene notas en p. 85-93 | |
| 500 | 0 | _aReferencias bibliográficas en p. 95-98 | |
| 500 | 0 | _aAnexos: p. 99-101 | |
| 650 | 4 | _aANTROPOLOGIA CULTURAL Y SOCIAL | |
| 650 | 4 | _aABORIGENES ARGENTINOS | |
| 650 | 4 | _aARTES TEXTILES | |
| 650 | 4 | _aIDENTIDAD CULTURAL | |
| 650 | 4 | _aCULTURAS LATINOAMERICANAS | |
| 650 | 4 | _aCOSTUMBRES Y TRADICIONES | |
| 650 | 4 | _aARTESANIAS | |
| 650 | 4 | _aMATACOS | |
| 650 | 4 | _aABORIGENES SUDAMERICANOS | |
| 651 | 4 | _aParaguay | |
| 651 | 4 | _aArgentina | |
| 653 | 0 | _aWICHIS | |
| 653 | 0 | _aTEJIDO | |
| 942 | _cBK | ||
| 998 | _cMARTIN | ||
| 999 |
_c8902 _d8902 |
||